| 000 | 00383nam a2200145Ia 4500 | ||
|---|---|---|---|
| 008 | 230917s9999||||xx |||||||||||||| ||und|| | ||
| 040 |
_e4122 _aMAIN |
||
| 041 | _aEnglish | ||
| 082 | _a332.46 B122M | ||
| 100 | _aBach, George Leland | ||
| 245 | 0 | _aMaking monetary and fiscal policy | |
| 260 |
_aWashington, DC _bBrookings Institutions _c1971 |
||
| 300 | _aix, 281 p. | ||
| 942 | _cBK | ||
| 999 |
_c129640 _d129640 |
||